01413nam a2200229 i 450000100060000000300090000600500170001500700030003200800410003510000280007624501510010426000370025530000290029250504740032160000440079565100430083985200210088285200210090399900170092495201210094195201210106296774ES-MaACL20250818043013.0t|050630s1915 mx ||||1| spa d1 aManero, Antonio.97598310aQué es la revolución b: breve exposición sobre las principales causas de la Revolución Constitucionalista en México / cAntonio Manero. aVeracruz : bLa Heroica, c1915. a120, LXXVI p. ; c22 cm.8 aContiene: El proceso de la revolución--La propiedad.--La administración de justicia.--El bancarismo.--La legislación--La educación pública.--Apendice: Preliminares. Plan de Guadalupe. Decreto de 12 de diciembre de 1914 [signed] Venustiano Carranza. Manifiesto a la nacion, junio 11 de 1915 [signed] Venustiano Carranza. Los indiscutibles derechos de d. Venustiano Carranza. Comentarios al Manifiesto de don Venustiano Carranza. La revolución es la justicia.14aCarranza, Venustiano,d1859-1920935508 4aMéxico-xHistoria-z1910-1946.99066 aES-MaACLjG-2641 aES-MaACLjF-1506 c96774d96774 00104070aATENEOMbATENEOMcDEPO2d2008-01-17eSCl0oF-1506p1101033r2023-02-23 00:00:00w2023-02-23yMONOGRAFIA 00104070aATENEOMbATENEOMcDEPO2d2008-01-17eSCl0oG-2641p1101032r2023-02-23 00:00:00w2023-02-23yMONOGRAFIA